| 000 | 00764nam a22002537a 4500 | ||
|---|---|---|---|
| 001 | BR7326246 | ||
| 003 | BR-BrBNA | ||
| 005 | 20230928084352.0 | ||
| 007 | ta | ||
| 008 | 230509b bl.||||| |||| 00| 0 por d | ||
| 040 |
_aBR-BrBNA _bpor _cBiblioteca Nacional de Agricultura |
||
| 041 | _a(Por) | ||
| 072 |
_aH60 _b/G514 |
||
| 090 | _ H60 BR7326246 | ||
| 100 | 1 | _aPaixao, J. da C. | |
| 245 | 1 | _aControle do "alecrim do campo" Baccharis dracunculifolia DC., com esteres do 2,4-D e do 2,4,5-T [Brasil] | |
| 260 | 3 |
_aRio de Janeiro, GB (Brasil): _c1954. |
|
| 300 | _a5 p. | ||
| 500 | _a5 ref.; Reprint of "Revista Agronomia" (Jul/Dec/1954)v. 13(3/4) | ||
| 650 | _aERVA DANINHA | ||
| 650 | _aHERBICIDA | ||
| 909 |
_a202309 _bLucia _c55 _dLucia Elande |
||
| 942 | _cBK | ||
| 999 |
_c18480 _d18480 |
||